Fair Trade and Harmonization Prerequisites for Free Trade?
Salvato in:
| Altri autori: | , |
|---|---|
| Natura: | Libro |
| Lingua: | inglese |
| Pubblicazione: |
Cambridge
The MIT Press
1996
|
| Edizione: | 1. ed. |
| Soggetti: | |
| Tags: |
Nessun Tag, puoi essere il primo ad aggiungerne!!
|
MARC
| LEADER | 00000nam a2200000 4500 | ||
|---|---|---|---|
| 001 | c014763 | ||
| 005 | 20230315135008.7 | ||
| 020 | |a 0-262-02401-0 | ||
| 041 | 0 | |a eng | |
| 044 | |a US | ||
| 245 | 1 | 0 | |a Fair Trade and Harmonization |b Prerequisites for Free Trade? |c Edit. Jagdish Bhagwati, Robert E. Hudec |
| 250 | |a 1. ed. | ||
| 264 | 1 | |a Cambridge |b The MIT Press |c 1996 | |
| 300 | |a 492 s. | ||
| 610 | 2 | 0 | |a obchod medzinárodný |
| 610 | 2 | 0 | |a súťaž nekalá |
| 610 | 2 | 0 | |a regulácia trhu |
| 610 | 2 | 0 | |a politika environmentálna |
| 610 | 2 | 0 | |a obchod voľný |
| 610 | 2 | 0 | |a Japonsko |
| 610 | 2 | 0 | |a svet |
| 700 | 1 | |a Bhagwati, Jagdish N. | |
| 700 | 1 | |a Hudec, Robert E. | |